[Event "Pardubice Region-chT 2223"]
[Site "Czech Republic"]
[Date "2023.04.02"]
[Round "11.8"]
[White "Velesik, Marian"]
[Black "Odstrcil, Jaromir"]
[Result "0-1"]
[WhiteElo "1656"]
[BlackElo "1781"]
[PlyCount "96"]
[EventDate "2022.10.09"]
[EventType "team-tourn"]
[EventRounds "11"]
[EventCountry "CZE"]
[SourceTitle "EXT 2024"]
[Source "ChessBase"]
[SourceDate "2023.10.10"]
[SourceVersion "1"]
[SourceVersionDate "2023.10.10"]
[SourceQuality "1"]

1. e4 c5 2. Nf3 d6 3. d4 cxd4 4. Nxd4 Nf6 5. Nc3 a6 6. Bd3 e6 7. 0-0 Be7 8. Be3 Qc7 9. h3 b5 10. Qf3 Bb7 11. Qg3 g6 12. f4 b4 13. Nce2 Nxe4 14. Qe1 d5 15. Ng3 Nf6 16. Bd2 Qb6 17. c3 Nc6 18. Be3 Bc5 19. Nc2 Bxe3+ 20. Nxe3 0-0 21. Kh1 d4 22. Nc4 Qc5 23. Rc1 dxc3 24. bxc3 Qd5 25. Qe2 Rad8 26. Rfd1 bxc3 27. Rxc3 Nd4 28. Qb2 Nh5 29. Nxh5 Qxh5 30. Ne3 Qxh3+ 31. Kg1 Qxe3+ 32. Kh1 Nb5 33. Rb3 Qxf4 34. Be2 Rxd1+ 35. Bxd1 Qf1+ 36. Kh2 Qxd1 37. Qf6 Bd5 38. Rh3 Qg4 39. Rg3 Qf5 40. Qh4 Nd6 41. Rg5 Qf6 42. Qg4 Nf5 43. Qf4 Rc8 44. Rg4 Kg7 45. Qf2 Qe5+ 46. g3 Be4 47. Kh3 h5 48. Rf4 g5 0-1

[Event "CZE-chT2D 0910"]
[Site "Czech Republic"]
[Date "2010.02.28"]
[Round "8.7"]
[White "Odstrcil, Jaromir"]
[Black "Tesar, Jan"]
[Result "0-1"]
[WhiteElo "1768"]
[BlackElo "2101"]
[PlyCount "90"]
[EventDate "2009.10.18"]
[EventType "team-tourn"]
[EventRounds "11"]
[EventCountry "CZE"]
[SourceTitle "EXT 2012"]
[Source "ChessBase"]
[SourceDate "2011.11.24"]
[SourceVersion "1"]
[SourceVersionDate "2011.11.24"]
[SourceQuality "1"]
[WhiteTeam "Litomysl"]
[BlackTeam "Trebic Caissa"]
[WhiteTeamCountry "CZE"]
[BlackTeamCountry "CZE"]

1. e4 c5 2. Nf3 e6 3. d3 Nc6 4. g3 Rb8 5. Bg2 d6 6. 0-0 Nf6 7. c3 Be7 8. Qe2 0-0 9. h3 b5 10. Nh2 b4 11. f4 Qc7 12. g4 Ba6 13. g5 Nd7 14. Be3 Qa5 15. c4 Nd4 16. Bxd4 cxd4 17. Nd2 Rfe8 18. Qg4 Nc5 19. Nb3 Qc7 20. Rad1 Nxb3 21. axb3 Bc8 22. Rde1 d5 23. e5 dxc4 24. bxc4 a5 25. h4 a4 26. h5 g6 27. hxg6 hxg6 28. Qh4 a3 29. Rf3 Bf8 30. Ng4 Bg7 31. Nf6+ Kf8 32. Nxe8 Kxe8 33. bxa3 bxa3 34. Rff1 Rb2 35. Rb1 Bb7 36. Rxb2 axb2 37. Bxb7 Qxb7 38. Qe1 Bf8 39. Qb1 Qb3 40. Rd1 Bb4 41. Kf2 Bc3 42. Ke2 Kd7 43. Rf1 Kc7 44. Qd1 Qa2 45. Qc2 b1Q 0-1